Normal view
MARC view
- Waheed,Ayeza, Iqbal,Mahnoor & Ikram,Salman
Entry Personal Name
001 - CONTROL NUMBER
- control field: 4920
003 - CONTROL NUMBER IDENTIFIER
- control field: NUST
005 - DATE AND TIME OF LATEST TRANSACTION
- control field: 20170922163045.0
008 - FIXED-LENGTH DATA ELEMENTS
- fixed length control field: 170922|| aca||aabn | a|a d
040 ## - CATALOGING SOURCE
- Original cataloging agency: NUST
- Transcribing agency: NUST
100 ## - HEADING--PERSONAL NAME
- Personal name: Waheed,Ayeza, Iqbal,Mahnoor & Ikram,Salman
670 ## - SOURCE DATA FOUND
- Source citation: Work cat.: (NUST): Waheed,Ayeza, Iqbal,Mahnoor & Ikram,Salman, Do remittances make us lazy? the case of Pakistan, 2017
